Allerleirauh / (Record no. 7311)
[ view plain ]
| 000 -LEADER | |
|---|---|
| fixed length control field | 01584nam a22002777a 4500 |
| 001 - CONTROL NUMBER | |
| control field | 7311 |
| 003 - CONTROL NUMBER IDENTIFIER | |
| control field | FISKH |
| 005 - DATE AND TIME OF LATEST TRANSACTION | |
| control field | 20250709102056.0 |
| 008 - FIXED-LENGTH DATA ELEMENTS--GENERAL INFORMATION | |
| fixed length control field | 250709b cb ||||| |||| 00| 0 eng d |
| 020 ## - INTERNATIONAL STANDARD BOOK NUMBER | |
| International Standard Book Number | 9788956354132 |
| 040 ## - CATALOGING SOURCE | |
| Original cataloging agency | FISKH |
| Language of cataloging | eng |
| Transcribing agency | FISKH |
| Modifying agency | FISKH |
| 050 ## - LIBRARY OF CONGRESS CALL NUMBER | |
| Classification number | PZ7 |
| 082 ## - DEWEY DECIMAL CLASSIFICATION NUMBER | |
| Classification number | 398.2 |
| 100 ## - MAIN ENTRY--PERSONAL NAME | |
| Personal name | Grimm, Jacob |
| 245 ## - TITLE STATEMENT | |
| Title | Allerleirauh / |
| Statement of responsibility, etc. | Brother Grimm |
| 260 ## - PUBLICATION, DISTRIBUTION, ETC. | |
| Place of publication, distribution, etc. | Seoul : |
| Name of publisher, distributor, etc. | E-Future, |
| Date of publication, distribution, etc. | 2009. |
| 300 ## - PHYSICAL DESCRIPTION | |
| Extent | 34 pages : |
| Other physical details | color illustrations ; |
| Dimensions | 21 cm |
| 505 ## - FORMATTED CONTENTS NOTE | |
| Formatted contents note | H<br/> |
| 520 ## - SUMMARY, ETC. | |
| Summary, etc. | A widowed king promises his dying wife that he will only marry someone as beautiful as she was. After her death, he searches for such a woman but finds no one—until his own daughter grows up and resembles her mother. The king declares he will marry her, horrifying the princess.<br/><br/>To avoid the marriage, the princess demands three seemingly impossible dresses: one as golden as the sun, one as silver as the moon, and one as glittering as the stars. She also asks for a magical cloak made of a thousand different furs ("Allerleirauh"). When the king provides all of them, she runs away in disguise, hiding her identity under the cloak.<br/><br/>She finds work as a kitchen maid in a faraway castle. At night, she secretly wears her beautiful dresses and catches the attention of the young king. Eventually, he discovers her true identity, and they marry.<br/><br/> |
| 521 8# - TARGET AUDIENCE NOTE | |
| Target audience note | 430<br/> |
| Source | Lexile estimate<br/> |
| 521 8# - TARGET AUDIENCE NOTE | |
| Target audience note | H<br/> |
| Source | Raz-Plus<br/> |
| 650 ## - SUBJECT ADDED ENTRY--TOPICAL TERM | |
| Topical term or geographic name entry element | Fairy Tale |
| Form subdivision | Classic Literature |
| General subdivision | Grimm Brothers |
| 700 ## - ADDED ENTRY--PERSONAL NAME | |
| Personal name | Grimm, Wilhelm |
| Relator term | Author |
| 942 ## - ADDED ENTRY ELEMENTS (KOHA) | |
| Source of classification or shelving scheme | Dewey Decimal Classification |
| Koha item type | Books |
| Suppress in OPAC | No |
| Withdrawn status | Lost status | Source of classification or shelving scheme | Damaged status | Not for loan | Collection | Home library | Current library | Shelving location | Date acquired | Total Checkouts | Full call number | Barcode | Date last seen | Copy number | Price effective from | Koha item type |
|---|---|---|---|---|---|---|---|---|---|---|---|---|---|---|---|---|
| Dewey Decimal Classification | Juvenile Fiction | Footprints International School Library Network Toul Kork Campus | Footprints International School Library Network Toul Kork Campus | TK Primary Library Room(4th Floor), Bookcase 1&2, Shelves 1-16, Dark Blue Books | 07/09/2025 | GRI 398.2 PZ7 | FISBK072640 | 07/09/2025 | 1 | 07/09/2025 | Books |
